Plays Five / (Record no. 16837)
[ view plain ]
| 000 -LEADER | |
|---|---|
| fixed length control field | 00938cam a2200253 i 4500 |
| 001 - CONTROL NUMBER | |
| control field | 17079068 |
| 005 - DATE AND TIME OF LATEST TRANSACTION | |
| control field | 20120321115415.0 |
| 008 - FIXED-LENGTH DATA ELEMENTS--GENERAL INFORMATION | |
| fixed length control field | 111024s2011 enk 000 0 eng |
| 020 ## - INTERNATIONAL STANDARD BOOK NUMBER | |
| International Standard Book Number | 0571274625 |
| 020 ## - INTERNATIONAL STANDARD BOOK NUMBER | |
| International Standard Book Number | 9780571274628 (pbk.) |
| 082 ## - DEWEY DECIMAL CLASSIFICATION NUMBER | |
| Edition number | 22 |
| Classification number | 822.914 |
| Item number | AYC |
| 100 1# - MAIN ENTRY--PERSONAL NAME | |
| Personal name | Ayckbourn, Alan, |
| Dates associated with a name | 1939- |
| 9 (RLIN) | 30444 |
| 240 10 - UNIFORM TITLE | |
| Uniform title | <a href="Plays.">Plays.</a> |
| Form subheading | Selections |
| 245 10 - TITLE STATEMENT | |
| Title | Plays Five / |
| Statement of responsibility, etc | Alan Ayckbourn. |
| 246 14 - VARYING FORM OF TITLE | |
| Title proper/short title | Alan Ayckbourn: plays 5 |
| 260 ## - PUBLICATION, DISTRIBUTION, ETC. (IMPRINT) | |
| Place of publication, distribution, etc | London : |
| Name of publisher, distributor, etc | Faber and Faber, |
| Date of publication, distribution, etc | 2011. |
| 300 ## - PHYSICAL DESCRIPTION | |
| Extent | xii, 480 pages ; |
| Dimensions | 20 cm. |
| 490 0# - Series Statement | |
| Series statement | Contemporary classics |
| -- | 30445 |
| 505 0# - FORMATTED CONTENTS NOTE | |
| Formatted contents note | Snake in the grass -- If I were you -- Life and Beth -- My wonderful day -- Life of Riley. |
| 653 ## - INDEX TERM--UNCONTROLLED | |
| Resource For college | |
| Arrived date list | July2012 |
| 942 ## - ADDED ENTRY ELEMENTS (KOHA) | |
| Source of classification or shelving scheme | Dewey Decimal Classification |
| Item type | Book - Borrowing |
| Withdrawn status | Item status | Source of classification or shelving scheme | Damaged status | Not for loan | Vendor | Home library | Current library | Shelving location | Date acquired | Source of acquisition | Cost, normal purchase price | Serial Enumeration / chronology | Total Checkouts | Full call number | Barcode | Date last seen | Koha item type |
|---|---|---|---|---|---|---|---|---|---|---|---|---|---|---|---|---|---|
| Dewey Decimal Classification | Baccah | Central Library | Central Library | Second Floor | 09/07/2012 | 160.00 | 15359 | 822.914 AYC | 000026940 | 15/07/2025 | Book - Borrowing |